MPG6 amended (Record no. 72927)

MARC details
000 -LEADER
fixed length control field 01114cam a2200193 4500
001 - CONTROL NUMBER
control field WB3924-10
008 - FIXED-LENGTH DATA ELEMENTS--GENERAL INFORMATION
fixed length control field 030625n2003 000 0 eng u
035 ## - SYSTEM CONTROL NUMBER
System control number (Sirsi) u122747
245 ## - TITLE STATEMENT
Title MPG6 amended
260 ## - PUBLICATION, DISTRIBUTION, ETC.
Date of publication, distribution, etc. 2003
490 ## - SERIES STATEMENT
Series statement RICS Minerals and Waste Management Faculty News
Volume/sequential designation 18 June 2003
520 ## - SUMMARY, ETC.
Summary, etc. The ODPM has published an amendment notice for MPG6:Guidelines for aggregates provision in England (1994). "National and regional guidelines for aggregates provision in England, 2001-2016" replace the guidelines in Annex A of MPG6, "Guidelines for aggregates provision in England" and take note of responses to the public consultation of draft guidelines issued on 5 August 2002. A summary of views expressed on draft national and aggregates guidelines can be found at http://www.planning.odpm.gov.uk/20012016/summary/index.htm. The revised guidelines can be found at http://www.planning.odpm.gov.uk/20012016/index.htm
590 ## - LOCAL NOTE (RLIN)
Local note WB
650 ## - SUBJECT ADDED ENTRY--TOPICAL TERM
Topical term or geographic name entry element MINERALS PLANNING GUIDANCE NOTE SIX
650 ## - SUBJECT ADDED ENTRY--TOPICAL TERM
Topical term or geographic name entry element AGGREGATES
650 ## - SUBJECT ADDED ENTRY--TOPICAL TERM
Topical term or geographic name entry element MINERALS PLANNING
690 ## - LOCAL SUBJECT ADDED ENTRY--TOPICAL TERM (OCLC, RLIN)
Topical term or geographic name as entry element MINING AND MINERALS
942 ## - ADDED ENTRY ELEMENTS (KOHA)
Suppress in OPAC 0
Holdings
Withdrawn status Lost status Source of classification or shelving scheme Damaged status Not for loan Home library Current library Shelving location Date acquired Total Checkouts Full call number Barcode Date last seen Copy number Price effective from Koha item type
    Dewey Decimal Classification     London London News article 25/06/2003   WB3924-10 122747-1001 06/08/2019 1 06/08/2019 News article